| 000 | 01320nam a22002057a 4500 | ||
|---|---|---|---|
| 999 |
_c59188 _d59188 |
||
| 003 | Ge_BSU | ||
| 005 | 20221213102811.0 | ||
| 008 | 221213s1979ge xxu||||| |||| 00| 0 geo d | ||
| 041 | _ageo | ||
| 080 | _a821.353.1-1+ 821.353.1-2 + 821.353.1-32 მ-62 | ||
| 245 |
_aXIX საუკუნის მწერლობა : _b [ლექსები. პიესები. მოთხრობები] / _cკრ. შეადგინა, წინასიტყვ. შენიშვნები და ლექსიკონი დაურთო ნ. ალანიამ. |
||
| 264 |
_aთბილისი : _b ნაკადული, _c1979. |
||
| 300 |
_a311 გვ. ; _b21 სმ. |
||
| 440 |
_aქართული საყმაწვილო ლიტერატურის ბიბლიოთეკა ; 3 _916366 |
||
| 501 | _aშენიშვნები: გვ. 291-305. ლექსიკონი: გვ. 307-310 | ||
| 653 | _aXIX საუკუნის მწერლობა | ||
| 653 | _aლექსები. პიესები. მოთხრობები | ||
| 700 |
_aალანია, ნ _eშეადგინა, წინასიტყვ. შენიშვნები და ლექსიკონი დაურთო _916112 |
||
| 942 |
_2udc _cBK |
||